header

Building safer communities (Record no. 193104)

MARC details
000 -LEADER
fixed length control field 01223nam a2200301Ia 4500
245 00 - TITLE STATEMENT
Title Building safer communities
260 ## - PUBLICATION, DISTRIBUTION, ETC. (IMPRINT)
Place of publication Amsterdam :
Name of publisher IOS Press,
Year of publication c2009.
300 ## - PHYSICAL DESCRIPTION
Number of Pages xiv, 277 p.
490 0# - SERIES STATEMENT
Series statement NATO science for peace and security series
650 #0 - SUBJECT ADDED ENTRY--TOPICAL TERM
Topical Term Land use
Topical Term Emergency management.
700 1# - ADDED ENTRY--PERSONAL NAME
Personal name Fra Paleo, Urbano.
856 40 - ELECTRONIC LOCATION AND ACCESS
Uniform Resource Identifier http://site.ebrary.com/lib/rucke/Doc?id=10375719

No items available.

© 2026 Rongo University
Contact us: librarian | system librarian | Rongo university